| 000 | 00837cam a22002535a 4500 | ||
|---|---|---|---|
| 999 |
_c27354 _d27325 |
||
| 005 | 20190520131600.0 | ||
| 008 | 180122t2019 ne a fr 001 0 eng d | ||
| 020 | _a9780323497251 | ||
| 040 |
_aStDuBDS _beng _cStDuBDS _dEG-ScBUE _dEG-ScBUE |
||
| 082 | 0 | 4 |
_a611.018931 _bCHI _222 |
| 100 | 1 |
_aChiego, Daniel J. _932109 |
|
| 245 | 1 | 0 |
_aEssentials of oral histology and embryology : _ba clinical approach / _cDaniel J. Chiego. |
| 246 | 3 | 0 | _aOral histology and embryology |
| 250 | _a5th ed. | ||
| 260 |
_aSt. Louis, Missouri : _bElsevier , _cc.2019. |
||
| 300 |
_aix, 219 p. : _bill. (some col.) ; _c28 cm. |
||
| 500 | _aIncludes index. | ||
| 650 | 7 |
_aMouth _xHistology. _2BUEsh _930165 |
|
| 650 | 7 |
_aTeeth _xHistology. _2BUEsh _930164 |
|
| 650 | 7 |
_aEmbryology, Human. _2BUEsh |
|
| 651 | _2BUEsh | ||
| 653 |
_bDDent _cApril2019 |
||
| 942 | _2ddc | ||